000 00544nam a2200217Ia 4500
008 101110s9999 xx 000 0 und d
041 _aENGLISH
082 _bSR28490
100 _aAinapure, V. and Ainapure, M .
245 _aCost Accounting. T.Y.B.Com.
260 _c2005
_bManan prakashan mumbai.
300 _a408
365 _b140
520 _aCommerce
546 _aENGLISH
630 _aCost Accounting. T.Y.B.Com.
650 _aCommerce
655 _aCommerce
730 _aCost Accounting. T.Y.B.Com.
942 _cBOOK
999 _c821023
_d821020